| 000 | 00405nam a2200157Ia 4500 | ||
|---|---|---|---|
| 008 | 230312s9999||||xx |||||||||||||| ||und|| | ||
| 020 | _a1-55934-444-x | ||
| 082 |
_a791.450 _bWHI-V |
||
| 100 | _aRon Whittaker | ||
| 245 | 0 | _aVideo Field Production | |
| 260 |
_bMayfield Publishing Company _aLondon _c1996 |
||
| 300 | _a407 | ||
| 546 | _aEng. | ||
| 650 |
_aArchitecture _vLighting , Audio |
||
| 942 | _cBK | ||
| 999 |
_c4583 _d4583 |
||